MDQL
is popping MORE tags! Check the
thread
!
Quizzes
Events
Quiz Creation
Community
Videos
Private Events
Remove Ads
Sign In
Join for FREE
Feedback
Dark Mode
Quiz Categories
Sports
Geography
Music
Movies
Television
Just For Fun
Miscellaneous
History
Literature
Language
Science
Gaming
Entertainment
Religion
Holiday
For Kids
Quiz Lab
Recent
Popular Today
Quiz Kudos Today
Editor Picks
Curator Picks
Quizzes by...
Day
Popularity
Type
Ratings
Length
Year
Community
Subscriptions
Recent Discussions
Orange Saloon
Badges
Playlists
Quests
Create
Leaderboards
Showdown
Live 5
Trivia Bingo
Activity
Puzzle Library
Sporcle Events
Private Events
Virtual Trivia
Globe League
Become a Host
Pub Owners
SporcleCon
Opinionation
Our Games
Videos
Blog
Mobile Apps
Partnerships
Remove Ads and Go Orange
Feedback
Music
Pop Music
The Beatles
Song
Album
Lyrics
Bands
Singers
Artist
Clip
Rock
Rap
Classical
Billboard
Country Music
Kpop
Taylor Swift
Music
Pop Music
The Beatles
Song
Album
Lyrics
Bands
Singers
Artist
Clip
Rock
Rap
Classical
Billboard
Country Music
Kpop
Taylor Swift
Random Quiz
Search Sporcle
×
Quiz Lab
Quiz Lab
Music
Key
Type in answers that appear in a list
Type in answers that appear in a list
Classic
Best Score? Go Orange.
I got the Keys Stats
Can you name the lyrics in I got the Keys?
By
jsgseachi
5m
298 Questions
2 Plays
2 Plays
2 Plays
Comments
Comments
Give Quiz Kudos
Give Quiz Kudos
-
- Ratings
hide this ad
Replay
Link that replays current quiz
Next Quiz
Link to next quiz in quiz playlist
You Got
0%
They Got
Avg Score
65%
Avg Friend Score
Upgrade to see
Score Distribution
Jump to the score distribution portion of the page
Score
0/298
Timer
05:00
0
Plays Today
Answer
% Correct
We
100%
the
100%
Oh
100%
we
100%
one
100%
to
100%
my
100%
on
100%
fo
100%
one
100%
talk
100%
talk
100%
Oh
100%
we
100%
talking
100%
that
100%
talk
100%
talk
100%
talk
100%
we
100%
go
100%
talkin
100%
that
100%
talk
100%
key
100%
Oh
100%
we
100%
I
100%
got
100%
the
100%
keys
100%
keys
100%
keys
100%
i
100%
got
100%
the
100%
keys
100%
keys
100%
keys
100%
i
100%
got
100%
the
100%
keys
100%
keys
100%
keys
100%
i
100%
got
100%
the
100%
keys
100%
keys
100%
keys
100%
we
100%
go
100%
to
100%
we
100%
the
100%
i
100%
the
100%
I
100%
got
100%
the
100%
keys
100%
keys
100%
keys
100%
i
100%
got
100%
the
100%
keys
100%
keys
100%
keys
100%
the
100%
key
100%
you
100%
you
100%
can't
100%
on
100%
you
100%
can't
100%
be
100%
we
100%
key
100%
to
100%
a
100%
I
100%
I
100%
the
100%
my
100%
I
100%
one
100%
on
100%
one
100%
the
100%
I
100%
I
100%
a
100%
That
100%
talk
100%
that's
100%
talk
100%
my
100%
Answer
% Correct
the
100%
damn
100%
my
100%
We
100%
there
100%
I
100%
you
100%
a
100%
you
100%
I
100%
I
100%
I
100%
got
100%
the
100%
keys
100%
keys
100%
keys
100%
I
100%
got
100%
the
100%
keys
100%
keys
100%
keys
100%
i
100%
got
100%
the
100%
keys
100%
keys
100%
keys
100%
i
100%
got
100%
the
100%
keys
100%
keys
100%
keys
100%
We
100%
go
100%
to
100%
we
100%
the
100%
I
100%
the
100%
100%
100%
best
50%
music
50%
this
50%
is
50%
what
50%
doing
50%
here
50%
Another
50%
have
50%
this
50%
Safe
50%
Safe
50%
here
50%
safe
50%
Major
50%
alert
50%
good
50%
now
50%
Major
50%
bag
50%
alert
50%
DJ
50%
Khaled
50%
court
50%
gon
50%
plead
50%
fifth
50%
know
50%
judge
50%
shoot
50%
him
50%
some
50%
always
50%
me
50%
Until
50%
own
50%
your
50%
own
50%
free
50%
Until
50%
you're
50%
your
50%
own
50%
me
50%
How
50%
still
50%
in
50%
life
50%
bag
50%
Every
50%
night
50%
another
50%
bag
50%
ain't
50%
been
50%
aint
50%
Answer
% Correct
of
50%
been
50%
through
50%
life
50%
with
50%
no
50%
with
50%
with
50%
no
50%
like
50%
ain't
50%
****
50%
Just
50%
****
50%
out
50%
in
50%
****
50%
****
50%
Special
50%
cloth
50%
here
50%
All
50%
All
50%
gon
50%
take
50%
gon
50%
think
50%
aint
50%
like
50%
this
50%
should
50%
this
50%
they
50%
ain't
50%
gonna
50%
like
50%
this
50%
court
50%
gon
50%
plead
50%
fifth
50%
know
50%
judge
50%
shoot
50%
him
50%
Ima
0%
put
0%
jewelry
0%
Wraith
0%
Wraith
0%
Wraith
0%
ima
0%
chips
0%
****
0%
askin
0%
slaves
0%
2016
0%
keep
0%
comin
0%
comin
0%
asleep
0%
since
0%
96
0%
seen
0%
back
0%
eyelids
0%
speedin
0%
safety
0%
belt
0%
corner
0%
safety
0%
help
0%
perform
0%
Josh
0%
Norman
0%
normal
0%
project
0%
Beverly
0%
Hills
0%
California
0%
wraith
0%
foreign
0%
****
0%
from
0%
mud
0%
near
0%
****
0%
millionares
0%
it
0%
swear
0%
****
0%
psychic
0%
seen
0%
nothin
0%
probably
0%
copyright
0%
promise
0%
ima
0%
Quiz Playlist
Details
Report
Send in Message
Add To Playlist
Classic:
Type in answers that appear in a list
Last Updated: Feb 16, 2017
Quiz Scoreboard
CHALLENGE
Sign Up to Join the Scoreboard
Show All
Scores
Hide
Comments
May contain spoilers
Recently Published
1-10 Letter E Words III
by El_Dandy
Language
2m
Street Fighter Characters
by Artimus82
Gaming
60s
College Basketball Coaching Resumes
by pancakes188
Sports
9m
More to Explore
Quiz From the Vault
Featured Blog Post
Where Did the Easter Bunny Come From?
hide this ad
You Might Also Like...
Tags
Key
Today's Top Quizzes in Music
Browse Music
hide this ad
Today's Top Quizzes in Key
Browse Key
Top Contributed Quizzes in Music
1
Taylor Swift All Songs (2024)
2
Taylor Swift Logic Puzzle
3
Guess the Artist- 70s Songs
4
7-to-1: Billboard Hot 100 #1 Hits of 2010s
5
Sorting Albums and Songs
6
KPOP LOGIC QUIZ
7
Billboard Blitz: Aretha Franklin
8
Guess the Taylor Swift song (Mystery Song)
9
Guess The Taylor Swift Lyrics Song #1
10
Billboard Blitz: ABBA
Explore More
Trending Topics
Disney
NBA
Kpop
Crossword
Marvel
Harry Potter
Anime
WWE
Soccer
The Office
Puzzle
Pokémon
Country
Song
NFL
hide this ad
More By:
jsgseachi
Quiz
Plays
Rating
Category
Featured
Created
I got the Keys
2
1.00
Music
Sep 1, 2016
Go to Creator's Profile
Score Distribution
Quiz Creator Spotlight
jsgseachi
Follow
Send a Message
Quizzes Created
-
Created Quiz Play Count
-
More By This Creator
Popular Quizzes Today
1
Find the US States - No Outlines Minefield
2
Find the Countries of Europe - No Outlines Minefield
3
The Countries of the World
4
Find the US States
5
Risky Map Clicking: Biggest States A-Z
6
US States
7
Popular People in 1961
8
Movies - When Are They Set?
More Music Quizzes
Follow That Lyric: Led Zeppelin
Published
Trending Quizzes
Risky Map Clicking: Least Populous States A-Z
1-10 Letter G Words
1-10 Letter F Words
Countries of the World: 200 Million BC
Risky Map Clicking: Next State Alphabetically
Recently Updated
Most Oscar Losses (Acting)
pecheneg
Beyoncé Albums
pecheneg
Leaping Animals
pecheneg
Reality TV Shows (A-Z)
bhenderson79
Rickey Henderson's Hall of Fame Teammates
pecheneg
Champions League XIs: Arsenal
pecheneg
Quick Pick: Celebrities in WWE's Hall of Fame
aduchscher
A-Z Keypad Blitz II
pecheneg
Multiple Oscar Actors
pecheneg
Mystery Phrase Blitz: Oscar 'Best Actors'
pecheneg
Trending Topics
Disney
Anime
Marvel
NBA
Harry Potter
Crossword
Kpop
WWE
Country
Soccer
Pokémon
Song
NFL
The Office
Puzzle
Your Account Isn't Verified!
In order to create a playlist on Sporcle, you need to verify the email address you used during registration. Go to your
Sporcle Settings
to finish the process.
Report this User
Report this user for behavior that violates our
Community Guidelines
.
Details:
Send Report
Go to the Sporcle.com Mobile Site →
Comments